000 01051nam a2200289 c 4500
003 BLK
005 20180420213345.0
008 180412b bul|||||r ||||||| ||bul||
010 _aKNG00002165000
020 _a954-8633-01-9
_bиздат.: Мини Мод
040 _aBLK
041 _aBUL
_cBUL
080 _aАвстрийска литература
_b821.112(436)
_x-1
_z821.112(436)-1
100 1 _aХофманстал, Хуго фон
_eпърви автор
_9137672
139 _aХофманстал, Хуго фон
_bХ 71
245 1 0 _aГосподство и съблазън
_bЛирика
_cХуго фон Хофманстал.
257 _aAUT
260 Пловдив
_bМини Мод
_c1994
300 _a107 с.
_bс ил
_c20 см
380 _aX
500 _aОриг. загл. Gesammelte Werke in zehn Einzelbanden / Hugo von Hofmannsthal ; 2 000 тир.
852 _aЦб 178701
856 4 _qpdf
_u
856 4 _qpdf
_u
942 _cKNG
_n0
944 _aCR
_c15.01.2003
_kТеодора_Стоянова
944 _aED
_c10.09.2015
_k
999 _c1349
_d1349